000
00270nam a22001097a 4500
008
160511b xxu||||| |||| 00| 0 eng d
020
_a
0582280567
041
_a
eng
080
_a
371
245
_a
Educational research:
_c
Walter Bor; Meredith Damien Gall;
942
_2
udc
_c
BK
999
_c
2022
_d
2022